000 00532nam a2200169Ia 4500
999 _c35224
_d35224
003 OSt
005 20201215105039.0
008 190216s9999||||xx |||||||||||||| ||und||
040 _coclc
082 _a954.83
_bAYY/S
100 _aAyyar, K N Krishnaswami
_97499
245 0 _aStatistical Appendix For Malabar District /
_cK N Krishnaswami Ayyar
260 _bSuperintendent Of Government Press,
_c1933.
_aMadras:
300 _a250p
650 _aStatistics
942 _cREF
_2ddc
_h954.83
_iAYY/S
_k954.83
_mAYY/S